| 000 | 01034nam a2200217Ia 4500 | ||
|---|---|---|---|
| 008 | 220216s9999 xx 000 0 und d | ||
| 100 | _aVanitha S | ||
| 245 | 0 | _aIn vitro studies on biological control of Phytophthora meadii using Trichoderma spp | |
| 260 |
_bIRRDB symposium on diseases of Hevea Cochin, India, 21-22 November 1994 _c1994 |
||
| 300 | _a78-81 | ||
| 520 | _aAn attempt was made to study the effect of antagonistic fungi, Trichoderma viride, T. koningi and T. harzianum, against Phytophthora meadii which causes abnormal leaf fall disease in rubber (Hevea brasiliensis). In vitro screening of these antagonists showed that all inhibited growth of the pathogen. The antagonists were also found to penetrate the oospores of the fungus and cause their lysis. | ||
| 650 | _aAbnormal leaf fall | ||
| 650 | _aAntagonistic effect | ||
| 650 | _aBiological control | ||
| 650 | _aHevea | ||
| 650 | _aPhytophthora meadii | ||
| 650 | _aTrichoderma spp | ||
| 700 | _aJacob C K | ||
| 700 | _aJayarathnam K | ||
| 942 | _cJS | ||
| 999 |
_c60962 _d60962 |
||